|
|
|
|
| LEADER |
01105nam a2200253 a 4500 |
| 001 |
26956 |
| 008 |
130512s1993 enka b 001 0 eng d |
| 010 |
|
|
|a 93150565
|
| 020 |
|
|
|a 1853831360 (Earthscan)
|
| 020 |
|
|
|a 9280808362 (United Nations University Press)
|
| 040 |
|
|
|a ESU
|c ESU
|d DLC
|d BD-DhAAL
|
| 082 |
0 |
0 |
|a 363.73/87
|2 20
|
| 245 |
0 |
4 |
|a The Global greenhouse regime :
|b who pays? : science, economics and North-South politics in the Climate Change Convention /
|c edited by Peter Hayes and Kirk Smith.
|
| 260 |
|
|
|a London :
|b Earthscan Publications ;
|a Tokyo ;
|a New York :
|b United Nations University Press,
|c c1993.
|
| 300 |
|
|
|a xvii, 382 p. :
|b ill. ;
|c 24 cm.
|
| 504 |
|
|
|a Includes bibliographic references and index.
|
| 541 |
1 |
|
|e 26956
|
| 650 |
|
0 |
|a Greenhouse effect, Atmospheric.
|
| 650 |
|
0 |
|a Global warming.
|
| 700 |
1 |
|
|a Hayes, Peter.
|
| 700 |
1 |
|
|a Smith, Kirk.
|
| 852 |
1 |
|
|a Ayesha Abed Library
|j General Shelf.
|
| 999 |
|
|
|c 13438
|d 13438
|
| 952 |
|
|
|0 0
|1 0
|2 ddc
|4 0
|6 363_738700000000000_GLO
|7 0
|9 22401
|a BRACUL
|b BRACUL
|c GEN
|d 2013-05-19
|e VC of BRACU
|l 0
|o 363.7387 GLO
|p 3010026956
|r 2013-05-19
|t 1
|w 2013-05-19
|y BK
|